01401nam a2200169Ia 4500001001300000003001000013008004100023040002500064041000700089100003200096245005400128250001100182260003400193300001200227500095200239650004001191b7065-51309 IT-MiCISF161014s9999||||xx |||||||||||||| ||und|| aIT-MiCISFcIT-MiCISF ait aCattaneo Arturo (a cura di) 0aPreti sposati?b30 domande scottanti sul celibato a1a ed. a Leumann (TO)bElledicic2011 app. 143 a / celibato, chiesa, vocazione, affettività, devianza, sessualità / Perché i preti non si sposano? Come mai il celibato sta tanto a cuore alla Chiesa, se Gesù non l'aveva richiesto neanche agli apostoli? Non può quest'obbligo causare deviazioni della sessualità e della vita affettiva, fino a giungere ai ben noti casi di pedofilia? Negli ultimi tempi sembrano moltiplicarsi gli argomenti a favore di un'apertura ai preti sposati. Si obietta che il celibato non è un dogma, ma solo una disciplina sorta nel Medioevo; che è contro natura e quindi dannoso per l'equilibrio psicofisico della persona. E poi, se i preti potessero sposarsi, ci sarebbe un aumento delle vocazioni. A queste e altre domande e obiezioni rispondono in questo volume diversi esperti, che con linguaggio chiaro e documentato aiutano a scoprire e capire il valore del celibato oggi nella vita consacrata, alla luce delle Scritture e del Magistero della Chiesa. a Temi di pastorale / pastoralee012